1317 1171 1533 1062 1235 1563 1770 1737 1016 1812 1117 1373 1003 1628 1965 1434 1531 1371 1159 1039 1004 1074 1340 1482 1195 1294 1325 1716 1031 1755 1529 1278 1794 1123 1083 1349 1765 1863 1235 1462 1638 1743 1425 1291 1803 1451 1234 1392 1378 1983 1679 1550 1755 1550 1757 1420 1769 1357 1622 1649 1693 1757 1830 1956 1665 1670 1268 1789 1632 1012 1350 1783 1596 1312 1787 1642 1061 1406 1548 1099 1299 1557 1990 1591 1685 1009 1036 1154 1932 1850 1427 1197 1891 1380 1966 1651 1250 1833 1555 BCNSPRNW ULIB Ver.6.0+V

เปลี่ยนเป็นภาษาไทย

Change to English
 แสดงรายละเอียดบรรณานุกรม
  กลับหน้าหลัก

Brief Record : Get Marc (ISO 2709) : E-mail record : QR code < ปิดหน้าต่าง
LEADER : 00000nam 2200000uu 4500
001    13399111681
003     ULIB
008    110705s2553||||th 000 0 tha d
020    ^a9789749803776(ล.3)
060 04 WY105^bส627ป ล.3 2553
110 1  มหาวิทยาลัยสุโขทัยธรรมาธิราช^bสาขาวิชาพยาบาลศาสตร์.
245 0  ^aประมวลสาระชุดวิชาประเด็นและแนวโน้มทางการบริหารการพยาบาล หน่วยที่ 11-15= ^bIssues and trends in nursing management / ^cสาขาวิชาพยาบาลศาสตร์ มหาวิทยาลัยสุโขทัยธรรมาธิราช.
246 31 ^aชุดวิชาประเด็นและแนวโน้มทางการบริหารการพยาบาล
246 31 ^aประเด็นและแนวโน้มทางการบริหารการพยาบาล
246 31 ^aIssues and trends in nursing management
250    ^aพิมพ์ครั้งที่ 2.
260    ^aนนทบุรี : ^bสำนักพิมพ์ มหาวิทยาลัยสุโขทัยธรรมาธิราช, ^c2553.
300    ^a3 เล่ม : ^bภาพประกอบ, แผนภูมิ ; ^c26 ซม.
650  7 การบริหารการพยาบาล
945    ^p0^l0^i030263
945    ^p0^l0^i030262
945    ^p0^l0^i030261
945    ^p0^l0^i030264
995    ทศพร
999 ^a ใช้งานได้ทุกระบบ
รายการนี้ยังไม่มีแท็ก
คุณยังไม่ได้ล็อกอิน คุณสามารถมีกิจกรรมร่วมกับเว็บไซต์ได้ แต่ต้องล็อกอินก่อน ::
  ล็อกอิน

รายการสื่อสารสนเทศ

ลำดับที่ ประเภท เลขเรียก/บาร์โค้ด สถานที่ สถานะ
1. วิทยาศาสตร์การแพทย์ และสุขภาพ
หนังสือสำรอง
สถานะ=หนังสือสำรอง
WY105 ส627ป ล.3 2553 ฉ.1 
  Barcode: 030261
ห้องสมุดวิทยาเขตสวรรค์ประชารักษ์
►ส่วนจัดเก็บหนังสือเก่า สปร
บนชั้น
  ขอยืม
2. วิทยาศาสตร์การแพทย์ และสุขภาพ
วิทยาศาสตร์การแพทย์ และสุขภาพ
WY105 ส627ป ล.3 2553 ฉ.3 
  Barcode: 030263
ห้องสมุดวิทยาเขตสวรรค์ประชารักษ์
►ส่วนจัดเก็บหนังสือเก่า สปร
บนชั้น
  ขอยืม
3. วิทยาศาสตร์การแพทย์ และสุขภาพ
วิทยาศาสตร์การแพทย์ และสุขภาพ
WY105 ส627ป ล.3 2553 ฉ.4 
  Barcode: 030264
ห้องสมุดวิทยาเขตสวรรค์ประชารักษ์
►ส่วนจัดเก็บหนังสือเก่า สปร
บนชั้น
  ขอยืม

รายการใกล้เคียง
    หัวเรื่อง [การบริหารการพยาบาล]

BibComment


ยังไม่เคยถูกคอมเมนท์

คอมเมนท์ทรัพยากรรายการนี้
  คอมเมนท์: ประมวลสาระชุดวิช..


 Copyright 2026. Bcnsprnw @Library